| 000 | 00642cam a2200217 a 4500 | ||
|---|---|---|---|
| 001 | 12907083 | ||
| 005 | 20251113184111.0 | ||
| 008 | 020826s2001 ilua 001 0 eng | ||
| 020 | _a0826916341 | ||
| 020 | _a9780826916341 | ||
| 050 | 0 | 0 |
_aTK7871.85 _b.R53 2001 |
| 082 | 0 | 0 |
_a621.381 _220 |
| 100 | 1 | _aRockis, Gary. | |
| 245 | 1 | 0 |
_aSolid state fundamentals for electricians / _cGary Rockis. |
| 250 | _a3rd ed. | ||
| 260 |
_aHomewood, Ill. : _bAmerican Technical Publishers, _cc2001. |
||
| 300 |
_a252 p. : _bill. (some col.) ; _c29 cm. |
||
| 500 | _aIncludes index. | ||
| 650 | 0 | _aSolid state electronics. | |
| 942 |
_2lcc _cBK _e3rd ed. _n0 |
||
| 999 |
_c8261 _d8261 |
||